00593nam a2200157Ia 4500008004100000020001800041050002000059082002200079100003400101245006100135260005000196300001100246650006400257952009700321999001700418121101s9999 xx 000 0 und d a968-26-0242-4 aHF5691 L45 1999 a650.01 T649m 1999 aToledano y Castillo, Mario A. aMetemáticas financieras / Mario A. Toledano y Castillo aMéxico : Compañía Editorial Continental a269 p. a1. MATEMÁTICAS FINANCIERAS 2. ARITMÉTICA DE NEGOCIOSÌ 00104070a12b12d2008-11-28l0oHF5691 L45 1999p12 000733r2015-04-22t2w2012-11-01yLB c86889d86889